[Event "Manizales op 30th"]
[Site "Manizales"]
[Date "2025.01.11"]
[Round "7"]
[White "Duran Lopez, Arlesc"]
[Black "Perez Pertuz, Carlos Mario"]
[Result "1-0"]
[WhiteElo "1740"]
[BlackElo "1890"]
[PlyCount "73"]
[EventDate "2025.01.08"]
[EventType "tourn"]
[EventRounds "7"]
[EventCountry "COL"]
[SourceTitle "CB03_2025"]
[SourceDate "2025.01.15"]
[SourceVersion "1"]
[SourceVersionDate "2025.01.15"]
[SourceQuality "1"]

1. e4 c5 2. Nf3 h6 3. c3 d5 4. exd5 Qxd5 5. d4 Nf6 6. Be2 a6 7. Nbd2 Nc6 8. Qb3 Qxb3 9. Nxb3 cxd4 10. Nbxd4 Nxd4 11. Nxd4 Bd7 12. Bf4 e6 13. Bf3 Nd5 14. Bg3 Rc8 15. 0-0 b5 16. Rfe1 Kd8 17. Rad1 Be7 18. Nf5 Nf6 19. Nd6 Bxd6 20. Rxd6 Ke7 21. Rxa6 Rhd8 22. Bd6+ Ke8 23. Ra7 Rc4 24. Be2 Ra4 25. Rxa4 bxa4 26. Bf3 Bb5 27. Be5 Rd2 28. Bd4 Bc4 29. Bc6+ Kf8 30. Bxa4 Rxb2 31. a3 Nd5 32. g3 Ra2 33. Bc6 Ne7 34. Bc5 f6 35. Rd1 Bd5 36. Bxd5 exd5 37. Re1 1-0

[Event "American Continental Rapid 18th"]
[Site "Medellin"]
[Date "2024.06.01"]
[Round "2"]
[White "Perez Pertuz, Carlos Mario"]
[Black "Alvarez, Pablo Andres"]
[Result "0-1"]
[WhiteElo "1855"]
[BlackElo "2069"]
[PlyCount "84"]
[EventDate "2024.06.01"]
[EventType "swiss (rapid)"]
[EventRounds "9"]
[EventCountry "COL"]
[SourceTitle "CBM 220 Extra"]
[Source "ChessBase"]
[SourceDate "2024.07.31"]
[SourceVersion "1"]
[SourceVersionDate "2024.07.31"]
[SourceQuality "1"]

1. e4 c5 2. Nf3 Nc6 3. d4 cxd4 4. Nxd4 Nf6 5. Nc3 d6 6. Bg5 e5 7. Ndb5 a6 8. Na3 b5 9. Nd5 Be7 10. Bxf6 Bxf6 11. c3 Be6 12. Nc2 Bxd5 13. Qxd5 Ne7 14. Qb3 d5 15. a4 0-0 16. axb5 axb5 17. Rd1 d4 18. Bxb5 Rb8 19. c4 Qa5+ 20. Qb4 Qb6 21. 0-0 Nc6 22. Qd6 Rfc8 23. Ra1 Be7 24. Qd7 Rc7 25. Qf5 g6 26. Qh3 Nb4 27. Ne1 Qb7 28. Qg4 Qc8 29. Qg3 Bd6 30. Nf3 Nd3 31. Nxd4 Nf4 32. Rfe1 exd4 33. e5 Nh5 34. exd6 Rxb5 35. Qa3 Rxc4 36. Rad1 Rd5 37. Re7 Rc1 38. Rde1 Rxe1+ 39. Rxe1 Qd8 40. Re7 Qxd6 41. Qa8+ Kg7 42. Re8 Nf6 0-1

[Event "Barranquilla Carnaval Cup"]
[Site "Barranquilla"]
[Date "2024.02.06"]
[Round "6"]
[White "Rueda Ahumada, Gabriel Omar"]
[Black "Perez Pertuz, Carlos Mario"]
[Result "1-0"]
[WhiteElo "1415"]
[BlackElo "1775"]
[PlyCount "127"]
[EventDate "2024.02.03"]
[EventType "swiss"]
[EventRounds "9"]
[EventCountry "COL"]
[SourceTitle "CBM 218 Extra"]
[Source "ChessBase"]
[SourceDate "2024.03.31"]
[SourceVersion "1"]
[SourceVersionDate "2024.03.31"]
[SourceQuality "1"]

1. e4 c5 2. Nf3 d6 3. d4 cxd4 4. Nxd4 Nf6 5. Nc3 a6 6. f3 Nc6 7. Be3 g6 8. Qd2 Bg7 9. 0-0-0 Qc7 10. Nb3 b5 11. Bg5 Be6 12. Kb1 Rc8 13. Ne2 Nd7 14. Nf4 Nb6 15. Nxe6 fxe6 16. c3 Ne5 17. Nd4 Nec4 18. Qc2 Qd7 19. Qb3 Rc5 20. Bc1 a5 21. Nc2 0-0 22. Be3 Nxe3 23. Nxe3 Rfc8 24. g3 Na4 25. Bh3 Kf7 26. Nd5 g5 27. f4 Qb7 28. fxg5 exd5 29. Bxc8 Rxc8 30. Rhf1+ Ke8 31. Rxd5 Nc5 32. Qc2 Qd7 33. e5 Bxe5 34. Qxh7 Qe6 35. Rdd1 b4 36. cxb4 axb4 37. Qf5 Kd7 38. Rf3 Rh8 39. Qxe6+ Nxe6 40. h4 Nd4 41. Re3 e6 42. Re4 Nc6 43. Rf1 Ke7 44. Rg4 Rf8 45. Rxf8 Kxf8 46. Rc4 Ne7 47. Rxb4 Bxg3 48. h5 e5 49. Rb7 e4 50. Kc2 d5 51. g6 Be5 52. a4 d4 53. a5 d3+ 54. Kd2 Bf4+ 55. Kd1 e3 56. g7+ Kxg7 57. Rxe7+ Kf6 58. Re8 e2+ 59. Rxe2 dxe2+ 60. Kxe2 Ke6 61. a6 Bb8 62. Kd3 Kd5 63. h6 Ke6 64. h7 1-0

[Event "Barranquilla Carnaval Cup"]
[Site "Barranquilla"]
[Date "2024.02.03"]
[Round "2"]
[White "Zuluaga Mancilla, Cesar"]
[Black "Perez Pertuz, Carlos Mario"]
[Result "1-0"]
[WhiteElo "2242"]
[BlackElo "1775"]
[PlyCount "99"]
[EventDate "2024.02.03"]
[EventType "swiss"]
[EventRounds "9"]
[EventCountry "COL"]
[SourceTitle "CBM 218 Extra"]
[Source "ChessBase"]
[SourceDate "2024.03.31"]
[SourceVersion "1"]
[SourceVersionDate "2024.03.31"]
[SourceQuality "1"]

1. d4 d5 2. Nf3 Nf6 3. Bf4 e6 4. e3 c5 5. c3 Bd6 6. Bg3 Nc6 7. Nbd2 0-0 8. Bd3 Re8 9. Ne5 Qc7 10. f4 b6 11. Bh4 Be7 12. Qf3 Bb7 13. 0-0 Nb8 14. Rad1 Nbd7 15. Bxf6 Nxf6 16. g4 Bd6 17. g5 Bxe5 18. fxe5 Ne4 19. Nxe4 dxe4 20. Bxe4 Bxe4 21. Qxe4 Rad8 22. Rd2 Rd7 23. Rg2 b5 24. Rg3 g6 25. Qh4 b4 26. Rh3 f6 27. Rxf6 Rg7 28. Rhf3 bxc3 29. bxc3 Rb8 30. Qf4 Qe7 31. Kg2 a5 32. Qg4 Re8 33. a4 Kh8 34. Kg3 Kg8 35. Qf4 Rb8 36. h4 Re8 37. Qg4 Kh8 38. Qe4 cxd4 39. exd4 Qa3 40. Qc6 Reg8 41. Kg2 Qc1 42. Rf2 Qd1 43. Qxe6 Qxa4 44. Rf8 Qa3 45. Rxg8+ Rxg8 46. Qf6+ Rg7 47. e6 Qxc3 48. e7 Qe3 49. Qf8+ Rg8 50. Qxg8+ 1-0

[Event "Pereira Fiestas de la Cosecha"]
[Site "Pereira"]
[Date "2022.08.28"]
[Round "10"]
[White "Perez Pertuz, Carlos Mario"]
[Black "Torres, Saulo de Jesus"]
[Result "1-0"]
[WhiteElo "1867"]
[BlackElo "1646"]
[PlyCount "83"]
[EventDate "2022.08.24"]
[EventType "swiss"]
[EventRounds "10"]
[EventCountry "COL"]
[SourceTitle "CBM 210 Extra"]
[Source "ChessBase"]
[SourceDate "2022.11.30"]
[SourceVersion "1"]
[SourceVersionDate "2022.11.30"]
[SourceQuality "1"]

1. e4 c5 2. Nf3 g6 3. c3 d5 4. e5 Nc6 5. d4 Bg4 6. Be2 Bxf3 7. Bxf3 e6 8. 0-0 cxd4 9. Re1 dxc3 10. Nxc3 Bg7 11. Bf4 Nge7 12. Qd2 0-0 13. Rad1 a6 14. g4 b5 15. h4 Rc8 16. Kg2 Qc7 17. Qe2 Na5 18. Bg5 Nc4 19. Bf6 Nc6 20. Bxd5 N4xe5 21. Bxg7 Kxg7 22. Bb3 Qb7 23. Kg3 Nc4 24. Ne4 Qc7+ 25. Kg2 Qf4 26. Bxc4 bxc4 27. Nd6 Nd4 28. Qe5+ Qxe5 29. Rxe5 Nc6 30. Rc5 Rc7 31. Nxc4 Rfc8 32. Nd6 Rd8 33. Nf5+ exf5 34. Rxd8 Nxd8 35. Rxc7 fxg4 36. Ra7 Kf6 37. Rxa6+ Ke7 38. Kg3 h5 39. a4 Kd7 40. Kf4 Kc7 41. b4 Kb7 42. b5 1-0

[Event "Pereira Fiestas de la Cosecha"]
[Site "Pereira"]
[Date "2022.08.27"]
[Round "7"]
[White "Perez Pertuz, Carlos Mario"]
[Black "Guerrero Avila, Hernando"]
[Result "0-1"]
[WhiteElo "1867"]
[BlackElo "1719"]
[PlyCount "148"]
[EventDate "2022.08.24"]
[EventType "swiss"]
[EventRounds "10"]
[EventCountry "COL"]
[SourceTitle "CBM 210 Extra"]
[Source "ChessBase"]
[SourceDate "2022.11.30"]
[SourceVersion "1"]
[SourceVersionDate "2022.11.30"]
[SourceQuality "1"]

1. e4 e6 2. d4 d5 3. Nd2 c5 4. exd5 exd5 5. dxc5 Nc6 6. Ngf3 Bxc5 7. Be2 Nf6 8. 0-0 0-0 9. Nb3 Bb6 10. Bg5 Re8 11. h3 a6 12. c3 Bf5 13. Rc1 h6 14. Bh4 g5 15. Nxg5 hxg5 16. Bxg5 Bg6 17. Bf3 Re5 18. h4 Kg7 19. Re1 Qe8 20. Bxf6+ Kxf6 21. Bxd5 Kg7 22. Bxc6 bxc6 23. Nd4 Rd8 24. Rxe5 Qxe5 25. Qa4 Bxd4 26. cxd4 Rxd4 27. Qxc6 Rxh4 28. Qc3 Qxc3 29. Rxc3 Rd4 30. a3 Rd1+ 31. Kh2 Rd2 32. b4 Rxf2 33. Kg3 Rb2 34. Kf3 Bf5 35. Kf4 Bg6 36. g3 Rc2 37. Re3 Kf6 38. g4 Rc4+ 39. Kg3 Re4 40. Rc3 Ke5 41. Rc5+ Kd4 42. Ra5 Re3+ 43. Kf4 Re4+ 44. Kf3 Re6 45. Kf4 Kc4 46. Kg5 Rb6 47. Kh6 Kb3 48. Kg7 Kc4 49. Kf8 Kd4 50. Ke7 Ke4 51. Kd7 Kf4 52. Kc7 Re6 53. a4 Kxg4 54. b5 axb5 55. axb5 Re4 56. b6 Re7+ 57. Kd6 Rb7 58. Ra4+ Kf3 59. Kc6 Be4+ 60. Kc5 f5 61. Rb4 Rd7 62. Rb3+ Ke2 63. Rb4 Rd2 64. Kc4 Rd7 65. Kc3 Kf3 66. Rb2 f4 67. Ra2 Rb7 68. Kd4 Rd7+ 69. Ke5 Re7+ 70. Kd6 Rh7 71. Ra3+ Kg4 72. Ra4 Bb7 73. Ke5 Rh5+ 74. Kf6 Rb5 0-1

[Event "Bogota El Tablazo op-B"]
[Site "Bogota"]
[Date "2022.06.26"]
[Round "4.12"]
[White "Perez Pertuz, Carlos Mario"]
[Black "Suarez, Nelson Ricardo"]
[Result "1-0"]
[WhiteElo "1879"]
[BlackElo "1657"]
[PlyCount "79"]
[EventDate "2022.06.24"]
[EventType "swiss"]
[EventRounds "7"]
[EventCountry "COL"]
[SourceTitle "EXT 2024"]
[Source "ChessBase"]
[SourceDate "2023.10.10"]
[SourceVersion "1"]
[SourceVersionDate "2023.10.10"]
[SourceQuality "1"]

1. c4 Nf6 2. Nc3 d5 3. cxd5 Nxd5 4. e4 Nxc3 5. bxc3 g6 6. Nf3 Bg7 7. Bc4 0-0 8. 0-0 c5 9. h3 Nc6 10. a4 b6 11. Bb2 Bb7 12. d4 cxd4 13. cxd4 Na5 14. Bd3 Nc6 15. Bb1 e6 16. Qd2 Na5 17. Qb4 Nc6 18. Qd2 Rc8 19. Bc3 Na5 20. Bxa5 bxa5 21. Rd1 Qc7 22. Ra3 Rfd8 23. Rb3 Ba6 24. Bd3 Bxd3 25. Rxd3 Qb6 26. d5 exd5 27. Rxd5 Rxd5 28. exd5 Qb4 29. d6 Qxd2 30. Nxd2 Rd8 31. Nc4 Bc3 32. Rd3 Bb4 33. g4 Rd7 34. g5 Kg7 35. Kg2 f6 36. Kf3 Kf7 37. Ke4 Ke6 38. gxf6 Bxd6 39. Nxd6 Kxf6 40. Ne8+ 1-0

[Event "Pereira Gildardo Garcia Memorial-B"]
[Site "Pereira"]
[Date "2022.05.22"]
[Round "8"]
[White "Perez Pertuz, Carlos Mario"]
[Black "Pinillo Canon, Silvana"]
[Result "0-1"]
[WhiteElo "1886"]
[BlackElo "1774"]
[PlyCount "74"]
[EventDate "2022.05.18"]
[EventType "swiss"]
[EventRounds "9"]
[EventCountry "COL"]
[SourceTitle "CBM 208 Extra"]
[Source "ChessBase"]
[SourceDate "2022.07.31"]
[SourceVersion "1"]
[SourceVersionDate "2022.07.31"]
[SourceQuality "1"]

1. d4 d5 2. c4 e6 3. Nc3 Nf6 4. cxd5 exd5 5. Bg5 Be7 6. Qc2 Nbd7 7. e3 0-0 8. Bd3 h6 9. Bf4 c6 10. h3 Re8 11. Nge2 Nf8 12. 0-0 Bd6 13. Rab1 Ne6 14. Bxd6 Qxd6 15. b4 Bd7 16. a4 Rec8 17. Qd2 Rab8 18. f4 Qe7 19. Ng3 Nc7 20. Nf5 Bxf5 21. Bxf5 Rd8 22. g4 g6 23. Bd3 Nce8 24. g5 hxg5 25. fxg5 Nh5 26. Rf2 Qxg5+ 27. Rg2 Qe7 28. Rf1 Neg7 29. Qf2 Re8 30. Kh1 Rbd8 31. e4 dxe4 32. Nxe4 Rd5 33. Ng3 Qd7 34. Bc4 Nxg3+ 35. Qxg3 Rf5 36. Rxf5 Qxf5 37. Qxg6 Qxh3+ 0-1

[Event "Pereira Gildardo Garcia Memorial-B"]
[Site "Pereira"]
[Date "2022.05.20"]
[Round "5"]
[White "Rico Duran, Juan Sebastian"]
[Black "Perez Pertuz, Carlos Mario"]
[Result "1-0"]
[WhiteElo "1730"]
[BlackElo "1886"]
[PlyCount "93"]
[EventDate "2022.05.18"]
[EventType "swiss"]
[EventRounds "9"]
[EventCountry "COL"]
[SourceTitle "CBM 208 Extra"]
[Source "ChessBase"]
[SourceDate "2022.07.31"]
[SourceVersion "1"]
[SourceVersionDate "2022.07.31"]
[SourceQuality "1"]

1. e4 c5 2. Nf3 e6 3. c3 d5 4. e5 Nc6 5. d4 Nge7 6. Bd3 Nf5 7. 0-0 Be7 8. a3 Bd7 9. dxc5 Bxc5 10. Bxf5 exf5 11. Qxd5 Qb6 12. b4 Be7 13. Ng5 Nd8 14. Rd1 Ba4 15. Re1 Qg6 16. e6 Bc6 17. exf7+ Kf8 18. Qe5 Bxg5 19. Bxg5 Nxf7 20. Be7+ Kg8 21. Qg3 Qh6 22. f4 Nd6 23. Qd3 Qg6 24. g3 Ne4 25. Nd2 Qe6 26. b5 Bd5 27. c4 Qb6+ 28. Re3 Bf7 29. Nxe4 fxe4 30. Qxe4 Rc8 31. c5 Qc7 32. Qf5 Bg6 33. Qe6+ Bf7 34. Qd6 h5 35. Qxc7 Rxc7 36. Bd6 Rd7 37. Rc1 Rh6 38. c6 bxc6 39. bxc6 Rdxd6 40. c7 Rc6 41. c8Q+ Rxc8 42. Rxc8+ Kh7 43. Rc7 Bd5 44. Ree7 Rg6 45. f5 Rf6 46. Rxg7+ Kh6 47. Rg6+ 1-0

[Event "COL Subzt 2.3.4"]
[Site "Risarald"]
[Date "2021.11.25"]
[Round "5"]
[White "Gaviria Galvis, Andres Felipe"]
[Black "Perez Pertuz, Carlos Mario"]
[Result "0-1"]
[WhiteElo "2014"]
[BlackElo "1855"]
[PlyCount "66"]
[EventDate "2021.11.23"]
[EventType "swiss"]
[EventRounds "9"]
[EventCountry "COL"]
[SourceTitle "CBM 205 Extra"]
[Source "ChessBase"]
[SourceDate "2022.01.31"]
[SourceVersion "1"]
[SourceVersionDate "2022.01.31"]
[SourceQuality "1"]

1. b3 e5 2. Bb2 Nc6 3. e3 d5 4. d4 exd4 5. exd4 Nf6 6. Nf3 Bb4+ 7. c3 Bd6 8. Be2 0-0 9. 0-0 Ne7 10. Nbd2 Ng6 11. c4 c6 12. Re1 Nf4 13. Bf1 Bg4 14. c5 Bc7 15. b4 Qc8 16. Qb3 Qf5 17. Ne5 Bh5 18. Re3 Rae8 19. Rae1 a6 20. a4 Re6 21. h3 Qg5 22. Kh2 Qh6 23. g3 Nxh3 24. Bxh3 Bg4 25. Rh1 Bxh3 26. Kg1 Bxe5 27. dxe5 Ng4 28. Re2 f6 29. f3 Nxe5 30. f4 Qh5 31. Re1 Nc4 32. Rxe6 Nxd2 33. Qc2 Qf3 0-1